Coupes du Monde de Football: Uruguay - Statistiques

Statistiques générales
  • Ce quiz a été pris 69 fois
  • Le résultat moyen est 29 sur 34
Statistiques - réponses
Réponse % Correct
Argentine
100%
Allemagne
98%
Angleterre
98%
France
98%
RFA
98%
URSS
98%
Espagne
97%
Portugal
97%
Brésil
95%
Italie
95%
Colombie
94%
Pays-Bas
94%
Sénégal
92%
Yougoslavie
92%
Ghana
91%
Suède
91%
Corée du Sud
89%
Mexique
89%
Russie
89%
Belgique
88%
Egypte
88%
Afrique du Sud
86%
Danemark
83%
Costa Rica
81%
Arabie Saoudite
80%
Hongrie
80%
Tchécoslovaquie
75%
Autriche
73%
Pérou
73%
Bolivie
70%
Bulgarie
70%
Roumanie
70%
Ecosse
64%
Israël
30%
Aucun quiz correspondant
Distribution des résultats
% des personnes avec chaque résultat
Percentile par nombre de réponses
Votre historique - résultats
Vous n’avez pas pris ce quiz